000
00312 a2200097 4500
020
_a
9789370982000
100
_a
Babu John
245
_a
Himalayathile theerthasthalikaliloode(ഹിമാലയത്തിലെ തീർത്ഥ സ്ഥലികളിലൂടെ)
260
_b
D C books
_c
2025
942
_c
OO
999
_c
115293
_d
115292